000 01624nam a2200397 c 4500
999 _c154798
_d154798
003 BLK
005 20220221143332.0
008 180410b bul|||||r ||||||| ||bul||
010 _aKNG00161439000
040 _aBLK
041 _aBUL
_cBUL
072 7 _2bullib
_aК
_xКраезнание
080 _aТеория на труда. Икономика на труда. Взаимоотношения между работещи и администрация (работодатели)
_b331.1
_z331.1
100 1 _aСтефанов, Волен
_eпърви автор
_9332598
139 _aСтефанов, Волен
_bС 75
245 1 0 _aСтруи от извора
_bПриносът на младите специалисти от Русенските заводи в движението за ком. труд
_cВолен Стефанов.
257 _aBGR
260 _bПрофиздат
_c1969
300 _a107 с.
_c16 см
380 _a3
490 1 _aВ помощ на профсъюзния активист
_v2
500 _a12 150 тир.
650 4 _aДвижение за комунистически труд
_9281114
650 4 _aКомсомол
_9159074
651 4 _aБългария
_9241624
653 _aработници
653 _aкомсомол
653 _aзаводи
653 _aкомунистически труд
659 _aК
852 _aЦб І 10779
852 _aК 331/С 75 В
856 4 _qpdf
856 4 _qpdf
942 _cKNG
_n0
_s1
944 _aCR
_c30.05.2014
_l30.05.2014 - от С1,Р / 30.05.2014
_kВаля_Йорданова
944 _aED
_c30.05.2014
_l30.05.2014 - от С1,Р / 30.05.2014
999 _d154798